书目信息 |
| 题名: |
儒学促进科学发展的可能性与现实性
|
|
| 作者: | 马来平 主编 | |
| 分册: | ||
| 出版信息: | 济南 山东人民出版社 2016 |
|
| 页数: | 12,193页 | |
| 开本: | 24cm | |
| 丛书名: | ||
| 单 册: | ||
| 中图分类: | B222.05 , N12 | |
| 科图分类: | ||
| 主题词: | 儒学--ru xue--关系--科技发展--研究--中国 | |
| 电子资源: | ||
| ISBN: | 978-7-209-09994-3 | |
| 000 | 01048nam0 22002651 450 | |
| 001 | 1760782207 | |
| 005 | 20170619171909.0 | |
| 010 | @a978-7-209-09994-3@dCNY36.00 | |
| 100 | @a20161119d2016 em y0chiy50 ea | |
| 101 | 0 | @achi |
| 102 | @aCN@b370000 | |
| 105 | @aa z 000yy | |
| 106 | @ar | |
| 200 | 1 | @a儒学促进科学发展的可能性与现实性@9ru xue cu jin ke xue fa zhan de ke neng xing yu xian shi xing@e以“儒学的人文资源与科学”为中心@f马来平主编 |
| 210 | @a济南@c山东人民出版社@d2016 | |
| 215 | @a12,193页@c图,照片@d24cm | |
| 300 | @a山东省科协第9期泰山学术沙龙 | |
| 330 | @a本书分沙龙速录全稿、媒体报道、会议综述三个部分,收录了《格物致知与科学》《科技在中国文化中的地位和作用》《阴阳五行学说与科学》等文章。 | |
| 517 | 1 | @a以“儒学的人文资源与科学”为中心@9yi ru xue de ren wen zi yuan yu ke xue wei zhong xin |
| 606 | 0 | @a儒学@9ru xue@x关系@x科技发展@x研究@y中国 |
| 690 | @aB222.05@v5 | |
| 690 | @aN12@v5 | |
| 701 | 0 | @a马来平@9ma lai ping@f(1950~)@4主编 |
| 801 | 0 | @aCN@b百万庄@c20170617 |
| 905 | @b1013376-8@dB222.05@e621@f3 | |
| 儒学促进科学发展的可能性与现实性:以“儒学的人文资源与科学”为中心/马来平主编.-济南:山东人民出版社,2016 |
| 12,193页:图,照片;24cm |
| 山东省科协第9期泰山学术沙龙 |
| ISBN 978-7-209-09994-3:CNY36.00 |
| 本书分沙龙速录全稿、媒体报道、会议综述三个部分,收录了《格物致知与科学》《科技在中国文化中的地位和作用》《阴阳五行学说与科学》等文章。 |
| ● |
| 相关链接 |
|
|
|
|
正题名:儒学促进科学发展的可能性与现实性
索取号:B222.05/621
 
预约/预借
| 序号 | 登录号 | 条形码 | 馆藏地/架位号 | 状态 | 备注 |
| 1 | 1013376 | 210133764 | 第一样本阅览室/ [索取号:B222.05/621] | 在馆 | |
| 2 | 1013377 | 210133773 | 教育系资料室/ [索取号:B222.05/621] | 在馆 | |
| 3 | 1013378 | 210133782 | 第一借阅区/ [索取号:B222.05/621] | 在馆 |